| 000 | 00468nam a2200169Ia 4500 | ||
|---|---|---|---|
| 003 | GCL | ||
| 008 | 140319s9999 xx 000 0 eng d | ||
| 040 |
_aGCL / _cGCL |
||
| 082 | 0 | 4 |
_aCC _b901.9TM |
| 100 | 1 | _aI,MAJESTE FOROUK | |
| 245 | 1 | 0 |
_aHE MIKGAS OU NILOMETRE DE L'ILE RODAH / _cI,MAJESTE FOROUK |
| 260 |
_a[S.N] : _bIMPRIMERIE DE L'INSTITUT FRANCAIS ، _c1951 |
||
| 300 | _a148 PP | ||
| 650 | 0 | 4 | _aMAJESTE FAROUK |
| 650 | 0 | 4 | _aEGYPT - HISTORY |
| 942 |
_2ddc _cBK |
||
| 999 |
_c19232 _d19232 |
||